Statistiques concernant Pokémon épluchés

Cliquez ici pour prendre le quiz!

Statistiques générales

  • Ce quiz a été pris 366 fois
  • Le résultat moyen est 14 sur 16

Statistiques - réponses

Réponse% Correct
Aspicot
98%
Tadmorv
96%
Triopikeur
91%
Azumarill
90%
Rayquaza
89%
Flagadoss
88%
Lokhlass
88%
Apitrini
87%
Milobellus
85%
Goinfrex
84%
Suicune
84%
Cadoizo
80%
Shaymin
80%
Phanpy
76%
Archéomire
72%
Écrapince
69%

Distribution des résultats

Percentile par nombre de réponses

% des personnes avec chaque résultat

Votre développement - résultats

Vous n’avez pas pris ce quiz